| 000 | 00763nam a22002057a 4500 | ||
|---|---|---|---|
| 999 |
_c16357 _d16357 |
||
| 003 | AR-CdUCM | ||
| 008 | 190503b ||||| |||| 00| 0 sp d | ||
| 040 |
_aMUNICIPALIDAD PROVINCIAL DEL CUSCO _cBIBLIOTECA MUNICIPAL DEL CUSCO |
||
| 082 |
_a344.02 / _bD76 |
||
| 100 |
_aDorado, P. _928496 |
||
| 245 | _aBases para un nuevo derecho penal / | ||
| 260 |
_aBarcelona : _bJosé Gallach, |
||
| 300 |
_a197 páginas ; _c16 cm. |
||
| 505 | _aIntroducción -- los delitos -- Los delincuentes -- El sistema penal corriente y su fracaso -- Lineas generales de un nuevo sistema penal -- El procedimiento de un nuevo sistema... | ||
| 650 |
_aDelincuentes. _932245 |
||
| 650 |
_aDelitos. _912134 |
||
| 650 |
_aSistema penal. _935753 |
||
| 942 |
_2ddc _cLIBROS |
||
| 945 | _awfj | ||